Statistiques concernant Intercommunalités des Pyrénées-Orientales

Cliquez ici pour prendre le quiz!

Statistiques générales

  • Ce quiz a été pris 15 fois
  • Le résultat moyen est 6 sur 12

Statistiques - réponses

Nombres de CommunesIntercommunalités% Correct
36Perpignan Méditerranée Métropole
100%
15Communauté de communes des Albères, de la Côte Vermeille et de l'Illibéris
86%
45Communauté de communes Conflent Canigó
79%
10Communauté de communes du Vallespir
71%
19Communauté de communes des Aspres
43%
06Communauté de communes Sud Roussillon
43%
16Communauté de communes Roussillon Conflent
36%
24Communauté de communes Agly Fenouillèdes
29%
19Communauté de communes Pyrénées Cerdagne
29%
21 (dont 18 dans l'Aude)Communauté de communes Corbières Salanque Méditerranée
21%
19Communauté de communes Pyrénées catalanes
14%
14Communauté de communes du Haut Vallespir
7%

Distribution des résultats

Percentile par nombre de réponses

% des personnes avec chaque résultat

Votre développement - résultats

Vous n’avez pas pris ce quiz